Interlinked agrarian markets in rural India / (Record no. 14236)

000 -LEADER
fixed length control field 00713pam a2200205 a 4500
020 ## - INTERNATIONAL STANDARD BOOK NUMBER
ISBN 817036244X (India)
020 ## - INTERNATIONAL STANDARD BOOK NUMBER
ISBN 0803991010 (US)
040 ## - CATALOGING SOURCE
Transcribing agency DLC
082 00 - DEWEY DECIMAL CLASSIFICATION NUMBER
Classification number 338 SAG 1991 A066 Or.
100 1# - MAIN ENTRY--AUTHOR NAME
Personal name Sarap, Kailas,
245 10 - TITLE STATEMENT
Title Interlinked agrarian markets in rural India /
260 ## - PUBLICATION, DISTRIBUTION, ETC. (IMPRINT)
Place of publication New Delhi ;
-- Newbury Park :
Name of publisher Sage Publications,
Year of publication 1991.
300 ## - PHYSICAL DESCRIPTION
Number of Pages 177 p. :
Other physical details ill., map ;
Dimensions 23 cm.
500 ## - GENERAL NOTE
General note Revision of the author's thesis (doctoral)--Delhi University, 1986.
650 #0 - SUBJECT ADDED ENTRY--TOPICAL TERM
Topical Term Agriculture
650 #0 - SUBJECT ADDED ENTRY--TOPICAL TERM
Topical Term Agricultural credit
856 42 - ELECTRONIC LOCATION AND ACCESS
Uniform Resource Identifier http://www.loc.gov/catdir/enhancements/fy0657/91020749-d.html
856 41 - ELECTRONIC LOCATION AND ACCESS
Uniform Resource Identifier http://www.loc.gov/catdir/enhancements/fy0657/91020749-t.html
942 ## - ADDED ENTRY ELEMENTS (KOHA)
Koha item type សៀវភៅភាសាអង់គ្លេស
952 ## - LOCATION AND ITEM INFORMATION (KOHA)
Withdrawn status [LOCAL, KOHA] 0
Holdings
Permanent Location Date acquired Koha item type Lost status Shelving location Barcode Current Location Full call number
Library Block A2017-10-10សៀវភៅភាសាអង់គ្លេស A066A18529Library Block A338 SAG 1991 A066 Or.
មជ្ឈមណ្ឌលឯការនៃសាកលវិទ្យាល័យភូមិន្ទកសិកម្មចំការដូង

Powered by Koha